000 00566nam a2200181 i 4500
001 21408
003 ES-MaACL
005 20250929063051.0
007 t|
008 021125s1973 sp ||||1| spa d
100 1 _aAlcaide Sánchez, Juan,
_d1907-1951
_919445
245 1 0 _aEn su verso
_b: (Antología) /
_cJuan Alcaide ; dibujos de Gregorio Prieto.
260 _aMadrid :
_bInsula,
_c1973.
300 _a121 p., 12 lám. col. :
_bil. ;
_c29 cm.
700 1 _aPrieto, Gregorio.
_993885
852 _aES-MaACL
_jC-53262
_bR.86252
999 _c21408
_d21408